[Event "13th Parsvnath Open"]
[Site "New Delhi IND"]
[Date "2015.01.12"]
[Round "5.32"]
[White "Rathnakaran, K."]
[Black "Joshi, Govind Ballabh"]
[Result "1-0"]
[WhiteTitle "IM"]
[WhiteElo "2387"]
[BlackElo "2100"]
[WhiteFideId "5005507"]
[BlackFideId "5000262"]
[EventDate "2015.01.09"]

1. e4 e5 2. Nf3 Nc6 3. Bc4 Bc5 4. d3 Nf6 5. Nc3 d6 6. a3 a6 7. Ba2 Be6 8. Nd5 h6
9. c3 Ba7 10. O-O O-O 11. Re1 Re8 12. h3 Nh7 13. Bd2 Ne7 14. d4 Ng6 15. Bb1 Ng5
16. Nxg5 hxg5 17. Qh5 Nf4 18. Nxf4 gxf4 19. g3 fxg3 20. fxg3 Qf6 21. Kg2 g6 22.
Bg5 Qf2+ 23. Kxf2 gxh5 24. Kg2 Bc4 25. d5 f6 26. Bh4 f5 27. exf5 Bxd5+ 28. Be4
Bxe4+ 29. Rxe4 d5 30. Re2 Kf7 31. g4 hxg4 32. hxg4 e4 33. Rd1 c6 34. Kh3 e3 35.
g5 Re4 36. g6+ Kg7 37. Rg1 Rxh4+ 38. Kxh4 Kf6 39. Kg4 Re8 1-0

[Event "13th Parsvnath Open"]
[Site "New Delhi IND"]
[Date "2015.01.12"]
[Round "5.33"]
[White "Pranavananda, V"]
[Black "Lazarev, Vladimir"]
[Result "0-1"]
[BlackTitle "GM"]
[WhiteElo "2115"]
[BlackElo "2379"]
[WhiteFideId "5073588"]
[BlackFideId "4113250"]
[EventDate "2015.01.09"]

1. e4 c5 2. Nf3 Nc6 3. Bb5 g6 4. c3 Nf6 5. d4 cxd4 6. e5 Nd5 7. O-O Bg7 8. cxd4
O-O 9. Nc3 Nxc3 10. bxc3 d6 11. exd6 exd6 12. Bg5 Qc7 13. Re1 h6 14. Bf4 Na5 15.
Bd3 Bg4 16. Rc1 b6 17. h3 Be6 18. Qd2 g5 19. Bg3 Nc4 20. Qe2 Rfe8 21. d5 Bd7 22.
Qf1 b5 23. Re4 Rxe4 24. Bxe4 f5 25. Bd3 Qc5 26. h4 f4 27. Bh2 g4 28. Nd4 Rf8 29.
Kh1 Qxd5 30. Qe1 Re8 31. Qd1 Nb2 32. Qd2 Nxd3 33. Qxd3 Bc6 34. Qf1 Bxd4 35. cxd4
f3 36. Qd3 fxg2+ 37. Kg1 Re4 38. Bg3 Kg7 39. Qc3 Re2 40. Qa5 Re7 41. Qa6 Bb7 42.
Qxd6 Qxd6 43. Bxd6 Rd7 44. Be5+ Kg6 45. Rc5 a6 46. a3 Bd5 47. Bh2 h5 48. Bf4 Kf5
49. Kh2 Ke6 50. Be3 Rf7 51. Rc8 Kd6 52. Rd8+ Kc6 53. Rh8 Rf3 54. Rh6+ Kd7 55.
Rh7+ Ke8 56. Rh8+ Kf7 57. Kg1 Rh3 58. f3 Rxf3 59. Bf2 Rh3 0-1

[Event "13th Parsvnath Open"]
[Site "New Delhi IND"]
[Date "2015.01.12"]
[Round "5.34"]
[White "Kumar, Gaurav"]
[Black "Ortega Ruiz, Jose Miguel"]
[Result "1-0"]
[BlackTitle "FM"]
[WhiteElo "1986"]
[BlackElo "2339"]
[WhiteFideId "5085578"]
[BlackFideId "2209713"]
[EventDate "2015.01.09"]

1. e4 d5 2. exd5 Qxd5 3. Nc3 Qa5 4. d4 Nf6 5. Nf3 Bf5 6. Bc4 e6 7. Bd2 Bb4 8. a3
Bxc3 9. Bxc3 Qb6 10. b3 Nc6 11. O-O O-O-O 12. Qe2 Bg4 13. Rad1 Bxf3 14. Qxf3
Nxd4 15. Qf4 Nxc2 16. Bb2 c6 17. Rd2 Nh5 18. Rxd8+ Rxd8 19. Qxf7 Qc5 20. Qxe6+
Kc7 21. b4 Qg5 22. f4 Qh4 23. Qe5+ Rd6 24. Rd1 Qxf4 25. Rxd6 1-0

[Event "13th Parsvnath Open"]
[Site "New Delhi IND"]
[Date "2015.01.12"]
[Round "5.35"]
[White "Ravi, Teja S."]
[Black "Dodeja, Pawan"]
[Result "1-0"]
[WhiteElo "2338"]
[BlackElo "2172"]
[WhiteFideId "5017220"]
[BlackFideId "5012686"]
[EventDate "2015.01.09"]

1. d4 Nf6 2. Nf3 e6 3. e3 c5 4. Bd3 b6 5. O-O Bb7 6. c4 Be7 7. Nc3 cxd4 8. exd4
d6 9. d5 e5 10. Ng5 Nbd7 11. f4 Rc8 12. Qe2 a6 13. Bd2 O-O 14. fxe5 dxe5 15. a4
g6 16. Nf3 Re8 17. Kh1 Bf8 18. Ng5 h6 19. Nxf7 Kxf7 20. Qe4 Bg7 21. Qxg6+ Kg8
22. Bxh6 Qe7 23. Ne4 Nxe4 24. Bxe4 Nf6 25. Rxf6 Qxf6 26. Qh7+ Kf7 27. Bxg7 Rh8
28. Bxh8+ 1-0

[Event "13th Parsvnath Open"]
[Site "New Delhi IND"]
[Date "2015.01.12"]
[Round "5.36"]
[White "Navalgund, Niranjan"]
[Black "Sa, Kannan"]
[Result "1-0"]
[WhiteElo "2309"]
[BlackElo "1908"]
[WhiteFideId "5030854"]
[BlackFideId "5018340"]
[EventDate "2015.01.09"]

1. d4 d5 2. c4 e6 3. Nf3 Nf6 4. g3 Ne4 5. Bg2 Bb4+ 6. Nbd2 O-O 7. O-O Nc6 8. e3
f5 9. a3 Be7 10. Ne1 g5 11. Nxe4 dxe4 12. f3 exf3 13. d5 e5 14. Nxf3 g4 15. Ne1
e4 16. Nd3 Na5 17. Qa4 b6 18. Nf4 Bd7 19. Qc2 Qe8 20. b3 Bf6 21. Rb1 Nb7 22. b4
Nd6 23. h3 h5 24. c5 Ba4 25. Qa2 Nb5 26. Bb2 a5 27. d6+ Qf7 28. Nd5 Bxb2 29.
Rxf5 Nc3 30. Ne7+ Kh8 31. Qxb2 Qb3 32. Qxb3 Bxb3 33. Rxb3 Rxf5 34. Nxf5 axb4 35.
axb4 Ne2+ 36. Kh2 cxd6 37. cxd6 gxh3 38. Kxh3 Ra2 39. Bxe4 Ra7 40. Rd3 Rd7 41.
Bc6 Rd8 42. d7 h4 43. Nd6 hxg3 44. Nf7+ Kg7 45. Nxd8 g2 46. Ne6+ Kf7 47. Kxg2
Nf4+ 48. Nxf4 b5 49. d8=Q Kg7 50. Qg5+ Kf7 51. Rd7+ 1-0

[Event "13th Parsvnath Open"]
[Site "New Delhi IND"]
[Date "2015.01.12"]
[Round "5.37"]
[White "Pradeep, Kumar R.A."]
[Black "Thing, Bibek"]
[Result "1-0"]
[WhiteElo "2291"]
[BlackElo "1979"]
[WhiteFideId "5023181"]
[BlackFideId "12303135"]
[EventDate "2015.01.09"]

1. Nf3 Nf6 2. c4 g6 3. g3 Bg7 4. Bg2 d6 5. d4 O-O 6. O-O c6 7. Nc3 Qa5 8. e4 Bg4
9. h3 Bxf3 10. Bxf3 Nbd7 11. Be3 e5 12. d5 cxd5 13. cxd5 Rfc8 14. a3 Qd8 15. Rc1
a6 16. Qe2 h5 17. b4 Kh7 18. g4 hxg4 19. hxg4 b5 20. a4 Rc4 21. axb5 Rac8 22.
bxa6 Rxb4 23. Bd2 Nc5 24. Nb5 Rb2 25. a7 Qd7 26. Rb1 Rxd2 27. Qxd2 Nfxe4 28.
Bxe4 Nxe4 29. Qe2 Nd2 30. Nxd6 Nxb1 31. Nxc8 Nc3 32. Qf3 Qxc8 33. Ra1 1-0

[Event "13th Parsvnath Open"]
[Site "New Delhi IND"]
[Date "2015.01.12"]
[Round "5.38"]
[White "Karthikeyan, P."]
[Black "Praggnanandhaa, R"]
[Result "1-0"]
[WhiteTitle "IM"]
[BlackTitle "FM"]
[WhiteElo "2435"]
[BlackElo "2084"]
[WhiteFideId "5018226"]
[BlackFideId "25059530"]
[EventDate "2015.01.09"]

1. d4 Nf6 2. c4 e6 3. Nf3 d5 4. Nc3 Be7 5. Bf4 O-O 6. e3 b6 7. Qc2 c6 8. Bd3 Bb7
9. Rd1 Nbd7 10. O-O h6 11. e4 dxe4 12. Nxe4 Nxe4 13. Bxe4 Nf6 14. Bd3 Qc8 15.
Rfe1 Rd8 16. a3 Bf8 17. Bg3 Re8 18. Ne5 c5 19. dxc5 Bxc5 20. Bh4 g5 21. Bg3 Bf8
22. h4 g4 23. Bf4 Bg7 24. Qc1 h5 25. Bh6 Bxh6 26. Qxh6 Qd8 27. Bc2 Qe7 28. Rd7
Qxd7 29. Nxd7 Nxd7 30. Bh7+ Kh8 31. Bg6+ Kg8 32. Qh7+ Kf8 33. Qxf7# 1-0

[Event "13th Parsvnath Open"]
[Site "New Delhi IND"]
[Date "2015.01.12"]
[Round "5.39"]
[White "Senthil, Maran K"]
[Black "Del Rey, Diego"]
[Result "1-0"]
[BlackTitle "IM"]
[WhiteElo "2104"]
[BlackElo "2390"]
[WhiteFideId "25035681"]
[BlackFideId "102164"]
[EventDate "2015.01.09"]

1. d4 d6 2. Nf3 Nf6 3. c4 g6 4. g3 Bg7 5. Bg2 O-O 6. O-O c6 7. Nc3 Bf5 8. Ne1
Qc8 9. e4 Bh3 10. Bxh3 Qxh3 11. f3 Qd7 12. Be3 Na6 13. Nd3 b5 14. cxb5 cxb5 15.
Rc1 b4 16. Ne2 e6 17. Qd2 Rab8 18. b3 Ne8 19. d5 exd5 20. exd5 Rb5 21. Ndf4 Nf6
22. Nd4 Rb7 23. Nc6 Re8 24. Bd4 Nc5 25. Rfe1 h5 26. Qb2 Qf5 27. Rxe8+ Nxe8 28.
Re1 Nf6 29. Ne7+ Rxe7 30. Rxe7 g5 31. Nh3 Ncd7 32. Nf2 Bf8 33. Bxf6 Nxf6 34.
Rxa7 Nxd5 35. Qd4 Nc3 36. Qd3 Qc5 37. Ra8 d5 38. Qf5 Qe7 39. Ra5 Qe3 40. Kg2 Kg7
41. Qd3 Qe5 42. Nd1 Qc7 43. Qd4+ Kg8 44. Nxc3 bxc3 45. Rxd5 c2 46. Rxg5+ Kh7 47.
Qe4+ Kh8 48. Qh4 Bh6 49. Qd4+ Kh7 50. Qe4+ f5 51. Qxf5+ Kh8 52. Qf6+ Bg7 53.
Rxh5+ 1-0

[Event "13th Parsvnath Open"]
[Site "New Delhi IND"]
[Date "2015.01.12"]
[Round "5.40"]
[White "Kathmale, Sameer"]
[Black "Dahale, Atul"]
[Result "1-0"]
[WhiteTitle "IM"]
[WhiteElo "2304"]
[BlackElo "2078"]
[WhiteFideId "5024498"]
[BlackFideId "5037794"]
[EventDate "2015.01.09"]

1. e4 c5 2. Nf3 d6 3. d4 cxd4 4. Nxd4 Nf6 5. Nc3 a6 6. Qe2 Nc6 7. Nxc6 bxc6 8.
e5 Nd5 9. exd6 Nxc3 10. bxc3 Qxd6 11. Be3 g6 12. Rd1 Qe6 13. Qd2 Qd5 14. Bd4 f6
15. Qe3 Qe6 16. Be2 Qxe3 17. Bxe3 Be6 18. O-O Bg7 19. Bc5 f5 20. c4 Kf7 21. Bb6
Rab8 22. c5 Bxa2 23. Bxa6 Bd5 24. Rfe1 Ra8 25. c4 Be4 26. Bb7 Ra4 27. f3 Rb8 28.
Rd7 Ke8 29. Bxc6 Bd4+ 30. Rxd4+ Bxc6 31. Rd6 Ra1 32. Rxa1 exd6 33. Re1+ Kf7 34.
Bc7 Rb4 35. cxd6 Rxc4 36. Re7+ Kf6 37. Bd8 Rc1+ 38. Re1+ 1-0

[Event "13th Parsvnath Open"]
[Site "New Delhi IND"]
[Date "2015.01.12"]
[Round "5.41"]
[White "Nath, Rupankar"]
[Black "Gahan, M.G."]
[Result "1-0"]
[WhiteElo "2077"]
[BlackElo "2295"]
[WhiteFideId "5006724"]
[BlackFideId "5027373"]
[EventDate "2015.01.09"]

1. d4 Nf6 2. c4 e5 3. dxe5 Ng4 4. Bf4 Nc6 5. Nf3 Bb4+ 6. Nbd2 Qe7 7. a3 Ngxe5 8.
Nxe5 Nxe5 9. e3 Bxd2+ 10. Qxd2 d6 11. Be2 Bd7 12. O-O Bc6 13. Qc3 Ng6 14. Bg3 h5
15. f3 h4 16. Bf2 Qg5 17. b4 O-O 18. b5 Bd7 19. f4 Qe7 20. Bf3 b6 21. a4 Bf5 22.
Bxa8 Rxa8 23. h3 Re8 24. a5 Be4 25. axb6 axb6 26. Ra7 Nf8 27. Qd4 f5 28. Qc3 g5
29. Rd1 Ne6 30. Qe1 Kh7 31. Rd2 gxf4 32. Bxh4 Qg7 33. exf4 Rg8 34. Bg5 Kg6 35.
Rxd6 cxd6 36. Rxg7+ Rxg7 37. Qc3 Rf7 38. Qh8 Nxg5 39. fxg5 Kxg5 40. Qd8+ Kg6 41.
Qxd6+ Rf6 42. Qe5 Kf7 43. g4 Re6 44. Qf4 Kg6 45. gxf5+ Bxf5 46. h4 Re4 47. Qg5+ 1-0

[Event "13th Parsvnath Open"]
[Site "New Delhi IND"]
[Date "2015.01.12"]
[Round "5.42"]
[White "Aronyak, Ghosh"]
[Black "Sangma, Rahul"]
[Result "0-1"]
[WhiteTitle "CM"]
[BlackTitle "IM"]
[WhiteElo "2065"]
[BlackElo "2289"]
[WhiteFideId "25072846"]
[BlackFideId "5013615"]
[EventDate "2015.01.09"]

1. d4 d5 2. Bg5 h6 3. Bh4 Nf6 4. Bxf6 exf6 5. e3 Bd6 6. c4 dxc4 7. Bxc4 O-O 8.
Nc3 f5 9. Nge2 Nd7 10. Qc2 Nf6 11. O-O g6 12. h3 Kg7 13. Bd3 c6 14. Rfd1 Re8 15.
d5 cxd5 16. Bb5 Re7 17. Rd3 Be6 18. Rad1 Qc7 19. Qb1 Rd8 20. Ba4 a6 21. Nd4 Bh2+
22. Kh1 Be5 23. Bb3 Ne4 24. Nxe4 fxe4 25. R3d2 Red7 26. a3 Rd6 27. Qa2 Qe7 28.
Nxe6+ fxe6 29. Rc1 Rf8 30. Rdc2 Rdd8 31. Rd2 h5 32. Bd1 Rf7 33. Rcc2 Bb8 34. g3
h4 35. Bg4 Rdf8 0-1

[Event "13th Parsvnath Open"]
[Site "New Delhi IND"]
[Date "2015.01.12"]
[Round "5.43"]
[White "Michelle Catherina, P"]
[Black "Arvind, Shastry"]
[Result "1/2-1/2"]
[WhiteElo "2061"]
[BlackElo "2261"]
[WhiteFideId "5005736"]
[BlackFideId "5008778"]
[EventDate "2015.01.09"]

1. e4 c5 2. Nf3 d6 3. d4 cxd4 4. Nxd4 Nf6 5. Nc3 g6 6. Be3 Bg7 7. f3 O-O 8. Qd2
Nc6 9. g4 Be6 10. Nxe6 fxe6 11. O-O-O Ne5 12. Be2 Qc8 13. h4 Nfd7 14. f4 Nc4 15.
Bxc4 Qxc4 16. e5 Rfd8 17. Qd3 Nb6 18. Bxb6 Qxd3 19. cxd3 axb6 20. d4 h6 21. g5
Rf8 22. Ne2 Rxa2 23. Kc2 Ra5 24. Rhg1 Kf7 25. Rg3 Ke8 26. Rdd3 Kd7 27. Rb3 hxg5
28. hxg5 b5 29. Rh3 Rc8+ 30. Rbc3 Rg8 31. Rb3 Rc8+ 32. Kd2 Ke8 33. Rb4 Rc4 34.
Rhb3 Rxb4 35. Rxb4 Kd7 36. Nc3 Kc6 37. Ke3 Bh8 38. Ne2 Bg7 1/2-1/2

[Event "13th Parsvnath Open"]
[Site "New Delhi IND"]
[Date "2015.01.12"]
[Round "5.44"]
[White "Gokhale, Chandrashekhar"]
[Black "Monnisha, GK"]
[Result "1/2-1/2"]
[WhiteTitle "IM"]
[BlackTitle "WFM"]
[WhiteElo "2254"]
[BlackElo "2055"]
[WhiteFideId "5001315"]
[BlackFideId "5009936"]
[EventDate "2015.01.09"]

1. Nf3 d5 2. g3 Bg4 3. Bg2 Nd7 4. d3 Ngf6 5. Nbd2 e6 6. O-O Be7 7. h3 Bh5 8. e4
O-O 9. Qe1 c6 10. Nh2 dxe4 11. dxe4 e5 12. Nhf3 Ne8 13. Nc4 f6 14. Ne3 Nc7 15.
Nh4 Ne6 16. Nhf5 Bc5 17. c3 a5 18. Ng4 Qc7 19. Qe2 Kh8 20. Bf3 1/2-1/2

[Event "13th Parsvnath Open"]
[Site "New Delhi IND"]
[Date "2015.01.12"]
[Round "5.45"]
[White "Kulkarni, Rakesh"]
[Black "Varshini, V"]
[Result "1-0"]
[BlackTitle "WFM"]
[WhiteElo "2241"]
[BlackElo "2071"]
[WhiteFideId "5037077"]
[BlackFideId "5091241"]
[EventDate "2015.01.09"]

1. e4 c5 2. c3 e6 3. d4 d5 4. exd5 Qxd5 5. Nf3 Nf6 6. Bd3 Be7 7. O-O O-O 8. Be3
cxd4 9. cxd4 b6 10. Nc3 Qd8 11. Qe2 Bb7 12. Rad1 Nbd7 13. Bg5 h6 14. Bd2 Nd5 15.
Ne4 Re8 16. a3 f5 17. Ng3 Bd6 18. Rfe1 Nf8 19. Ne5 Bxe5 20. dxe5 Qe7 21. Bxf5
exf5 22. Nxf5 Qd7 23. Qg4 Re6 24. Bxh6 Rg6 25. Bg5 Bc8 26. Qf3 Rxg5 27. e6 Nxe6
28. Rxd5 Qf7 29. Nh6+ gxh6 30. Rxg5+ hxg5 31. Qxa8 Qc7 32. h4 Kg7 33. hxg5 Nxg5
34. Re3 Bd7 35. Rg3 Kf7 36. Qh8 Ne6 37. Qh7+ Kf6 38. Rf3+ Ke5 39. Qh2+ Kd4 40.
Qxc7 Nxc7 41. Rf7 Nd5 42. Rxd7 a5 43. Rxd5+ Kxd5 1-0

[Event "13th Parsvnath Open"]
[Site "New Delhi IND"]
[Date "2015.01.12"]
[Round "5.46"]
[White "Harini, S."]
[Black "Andrenko, Irina"]
[Result "0-1"]
[BlackTitle "WIM"]
[WhiteElo "2046"]
[BlackElo "2228"]
[WhiteFideId "5024919"]
[BlackFideId "14118270"]
[EventDate "2015.01.09"]

1. e4 g6 2. d4 Bg7 3. Nc3 d6 4. f4 a6 5. Nf3 b5 6. Bd3 Nd7 7. e5 c5 8. Be4 Rb8
9. O-O cxd4 10. Nxd4 dxe5 11. Nc6 Qb6+ 12. Kh1 Ngf6 13. Nxb8 Qxb8 14. Bc6 O-O
15. Qf3 e6 16. Be3 Qc7 17. Rad1 Nh5 18. f5 b4 19. f6 Nhxf6 20. Na4 a5 21. Bg5 e4
22. Bxe4 Nxe4 23. Qxe4 Bb7 24. Qe2 Qc6 25. Be7 Qxa4 26. Bxf8 Nxf8 27. Qf2 f5 28.
Rd6 Be5 29. Rd8 Qc6 30. Rfd1 Bc7 31. R8d2 e5 32. Qh4 Qe6 33. b3 e4 34. Qh6 Qe7
35. h4 e3 36. Re2 f4 37. Kg1 Ba6 38. Rde1 Bxe2 39. Rxe2 Qd7 40. Kf1 Qd1+ 41. Re1
e2+ 0-1

[Event "13th Parsvnath Open"]
[Site "New Delhi IND"]
[Date "2015.01.12"]
[Round "5.47"]
[White "Alahakoon, Isuru"]
[Black "Ashwath, R."]
[Result "0-1"]
[WhiteElo "2042"]
[BlackElo "2216"]
[WhiteFideId "9900993"]
[BlackFideId "5021049"]
[EventDate "2015.01.09"]

1. e4 g6 2. Nc3 Bg7 3. f4 c6 4. Nf3 d5 5. e5 Nh6 6. d4 Qb6 7. Na4 Qc7 8. Bd3 Bg4
9. h3 Bf5 10. g4 Bxd3 11. Qxd3 e6 12. Be3 Nd7 13. O-O O-O-O 14. b4 Ng8 15. b5
cxb5 16. Nc3 a6 17. Rfb1 Qc4 18. Qd2 Kb8 19. Nd1 Nb6 20. Nb2 Qc6 21. a4 Nxa4 22.
Nxa4 bxa4 23. Qa5 Ne7 24. Rb6 Qc4 25. Rxa4 Nc6 26. Rxc4 Nxa5 27. Rcb4 Ka7 28.
Nd2 Rd7 29. c4 Rc8 30. c5 Nc6 31. Rb2 f6 32. Nb1 g5 33. f5 Re8 34. fxe6 Rxe6 35.
Nc3 fxe5 36. Nxd5 exd4 37. Bf2 d3 38. Rb1 d2 39. Ne3 Rxe3 40. Bxe3 d1=Q+ 41.
Rxd1 Rxd1+ 42. Kf2 Bd4 0-1

[Event "13th Parsvnath Open"]
[Site "New Delhi IND"]
[Date "2015.01.12"]
[Round "5.48"]
[White "Surendran, N."]
[Black "Madhurima, Shekhar"]
[Result "1-0"]
[WhiteElo "2197"]
[BlackElo "2012"]
[WhiteFideId "5021243"]
[BlackFideId "5067910"]
[EventDate "2015.01.09"]

1. d4 d5 2. c4 c6 3. Nf3 Nf6 4. e3 e6 5. Nc3 Nbd7 6. Qc2 Bd6 7. Bd3 dxc4 8. Bxc4
b5 9. Bd3 Bb7 10. Ne4 Be7 11. O-O h6 12. Ng3 O-O 13. e4 a6 14. e5 Nd5 15. Qe2
Qc8 16. Bxh6 gxh6 17. Qd2 f5 18. Qxh6 Kf7 19. Nh5 Rg8 20. Qh7+ Kf8 21. Qh6+ Kf7
22. Qh7+ Kf8 23. Bxf5 exf5 24. e6 Ke8 25. Qxg8+ Nf8 26. Rfe1 Kd8 27. Qf7 Kc7 28.
Nf6 Qd8 29. Nxd5+ cxd5 30. Qxf5 Kb6 31. h4 Bc8 32. Re5 Qd6 33. Rae1 Qc6 34. h5
Bd6 35. R5e3 Ra7 36. Ne5 Qe8 37. Nf7 Bb8 38. Qxd5 Re7 39. Qc5+ Kb7 40. d5 Nxe6
41. dxe6 Ka8 42. Nd6 Bxd6 43. Qxd6 Bb7 44. Rd3 Ka7 45. Qd4+ 1-0

[Event "13th Parsvnath Open"]
[Site "New Delhi IND"]
[Date "2015.01.12"]
[Round "5.49"]
[White "Ruiz Casado, Francisco Javier"]
[Black "Pratyusha, Bodda"]
[Result "0-1"]
[WhiteElo "2012"]
[BlackElo "2192"]
[WhiteFideId "2245183"]
[BlackFideId "5000629"]
[EventDate "2015.01.09"]

1. Nf3 d5 2. c4 d4 3. d3 c5 4. b4 cxb4 5. a3 b3 6. Qxb3 Nc6 7. g3 g6 8. Bg2 Bg7
9. O-O Nf6 10. Bb2 O-O 11. e3 e5 12. exd4 exd4 13. Nbd2 Rb8 14. Rfe1 Bf5 15. Ne5
Nxe5 16. Rxe5 Nd7 17. Rd5 Be6 18. Rxd4 Qb6 19. Qxb6 Nxb6 20. c5 Bxd4 21. Bxd4
Nd5 22. Be5 Rbc8 23. Rb1 b6 24. d4 Rfd8 25. Ne4 Bf5 26. Rc1 Bxe4 27. Bxe4 bxc5
28. dxc5 f6 29. Bb2 Kf7 30. c6 Ne7 31. Rc4 Rd6 32. Bd4 Nxc6 33. Bxc6 Rdxc6 34.
Rxc6 Rxc6 35. Bxa7 Rc3 36. Kg2 Rxa3 37. Bc5 Rb3 38. h4 Ke6 39. Bd4 f5 40. Bg7
Kd5 41. Bh6 Ke4 42. Bf4 Rd3 43. Bg5 Kd4 44. Bf6+ Kc4 45. Bg5 Kc3 46. Kf1 Kc2 47.
Ke2 Rd6 48. Be3 Re6 49. Kf3 Kd1 50. Bc5 Re4 51. Be3 Ke1 52. Bh6 Kf1 53. Be3 Ra4
54. Bg5 Ra2 55. Be3 h6 56. g4 fxg4+ 57. Kxg4 Ra4+ 58. Kg3 h5 59. Bb6 Rg4+ 60.
Kh3 Ke2 61. Bc5 Kf3 62. Be3 Rg2 63. Bc5 Rxf2 64. Be7 Rf1 65. Kh2 Kg4 66. Kg2 Rf3 0-1

[Event "13th Parsvnath Open"]
[Site "New Delhi IND"]
[Date "2015.01.12"]
[Round "5.50"]
[White "Jyothilal, N."]
[Black "Ritviz, Parab"]
[Result "1-0"]
[WhiteElo "2009"]
[BlackElo "2187"]
[WhiteFideId "5002605"]
[BlackFideId "5073367"]
[EventDate "2015.01.09"]

1. d4 Nf6 2. c4 g6 3. Nc3 Bg7 4. e4 d6 5. f3 O-O 6. Be3 a6 7. Qd2 Nc6 8. Nge2
Rb8 9. h4 h5 10. O-O-O b5 11. Bh6 e5 12. Nd5 bxc4 13. Nxf6+ Bxf6 14. d5 Nb4 15.
Nc3 Re8 16. Bxc4 c6 17. dxc6 Be6 18. Bd5 Qb6 19. Be3 Qc7 20. Kb1 a5 21. Rc1 Rec8
22. g3 Bg7 23. Rh2 Qe7 24. Na4 Bxd5 25. exd5 e4 26. f4 Nd3 27. Rc4 f5 28. Qxa5
Ra8 29. Qb5 Rc7 30. Nb6 Rb8 31. a4 Ra7 32. a5 Qc7 33. Ra4 Bf6 34. Rc2 Qg7 35.
Rac4 Bd8 36. R2c3 Bc7 37. Rb3 Qf7 38. Ra4 Ne1 39. Qc4 Nf3 40. Kc1 Ne1 41. Rb5
Nd3+ 42. Kb1 Kh7 43. Nd7 Rxb5 44. Qxb5 Ra8 45. a6 Ne1 46. Qb7 Bd8 47. Rd4 Ng2
48. Qxa8 1-0

[Event "13th Parsvnath Open"]
[Site "New Delhi IND"]
[Date "2015.01.12"]
[Round "5.51"]
[White "Krishna Teja, N"]
[Black "Pradip, Tiwari"]
[Result "1-0"]
[WhiteElo "2158"]
[BlackElo "2030"]
[WhiteFideId "5001498"]
[BlackFideId "5045436"]
[EventDate "2015.01.09"]

1. Nf3 Nf6 2. c4 e6 3. g3 b6 4. Bg2 Bb7 5. O-O Be7 6. b3 O-O 7. Bb2 d5 8. e3
Nbd7 9. Qe2 c5 10. d3 Qc7 11. Nbd2 Rad8 12. Bh3 Bd6 13. Rac1 Qb8 14. a3 Rfe8 15.
Bg2 Bf8 16. Ne1 g6 17. f4 Bg7 18. Nef3 Qa8 19. Ne5 Nxe5 20. fxe5 Nd7 21. d4 cxd4
22. exd4 f6 23. exf6 Nxf6 24. c5 Ne4 25. b4 bxc5 26. Nxe4 dxe4 27. dxc5 Bxb2 28.
Qxb2 Bd5 29. Qf6 Qb7 30. Qe5 Rf8 31. h4 Rde8 32. Rxf8+ Rxf8 33. c6 Qb6+ 34. Kh2
Qf2 35. Rf1 e3 36. Rxf2 Rxf2 37. Qb8+ Kg7 38. Qxa7+ Kg8 39. c7 Rxg2+ 40. Kh3 Rc2
41. Qb8+ Kf7 42. c8=Q Bg2+ 43. Kg4 1-0

[Event "13th Parsvnath Open"]
[Site "New Delhi IND"]
[Date "2015.01.12"]
[Round "5.52"]
[White "Dhar, Rajib"]
[Black "Lama, Himal"]
[Result "1-0"]
[WhiteElo "2151"]
[BlackElo "1937"]
[WhiteFideId "5015596"]
[BlackFideId "12303143"]
[EventDate "2015.01.09"]

1. e4 c5 2. Nf3 Nc6 3. c3 e6 4. d4 d6 5. Bd3 Be7 6. O-O Nf6 7. Qe2 e5 8. d5 Nb8
9. Ne1 Bg4 10. f3 Bh5 11. Nd2 Nbd7 12. a4 a6 13. a5 h6 14. b4 O-O 15. Nc4 Qc7
16. Be3 Rfe8 17. Qf2 Rac8 18. bxc5 Nxc5 19. Nb6 Nxd3 20. Nxd3 Rb8 21. c4 Nd7 22.
Nxd7 Qxd7 23. Bb6 f5 24. c5 fxe4 25. fxe4 Rf8 26. Qb2 Qg4 27. Bc7 Qxe4 28. cxd6
Bg5 29. Bxb8 Rxb8 30. Nb4 Be3+ 31. Kh1 Bd4 32. Qb1 Qxb1 33. Raxb1 Rd8 34. Nc2
Rxd6 35. Nxd4 exd4 36. Rf4 Rxd5 37. g4 Bg6 38. Rb4 d3 39. Rfd4 Rxa5 40. Kg2 Ra2+
41. Kg3 b5 42. Rd6 Bf7 43. Rxd3 Bc4 44. Rd4 Rc2 45. Rd8+ Kh7 46. Ra8 Rc3+ 47.
Kf4 Ra3 48. Rc8 Be2 49. Re4 Rf3+ 50. Ke5 Bd3 51. Rd4 Be2 52. Rc7 Rf6 53. Rdd7
Rg6 54. h3 Bf1 55. Rc3 a5 56. Ra7 a4 57. Rf3 Bc4 58. Rf4 Re6+ 59. Kd4 Rd6+ 60.
Kc5 Rd3 61. h4 Rd5+ 62. Kb4 Rd8 63. Re4 Rd6 64. Ra8 Rf6 65. Rd4 Kg6 66. Ra7 Rf7
67. Rd6+ Kh7 1-0

[Event "13th Parsvnath Open"]
[Site "New Delhi IND"]
[Date "2015.01.12"]
[Round "5.53"]
[White "Saurabh, Anand"]
[Black "Saranya, J"]
[Result "0-1"]
[BlackTitle "WFM"]
[WhiteElo "1892"]
[BlackElo "2111"]
[WhiteFideId "5094496"]
[BlackFideId "5031931"]
[EventDate "2015.01.09"]

1. e4 c5 2. Nf3 d6 3. d4 cxd4 4. Nxd4 Nf6 5. Nc3 a6 6. Bc4 e6 7. Bb3 b5 8. Qf3
Qc7 9. O-O Be7 10. Qg3 Nc6 11. Nxc6 Qxc6 12. Re1 Bb7 13. f3 O-O 14. Bh6 Ne8 15.
Kh1 Kh8 16. Bg5 Nf6 17. Rad1 Rfd8 18. Rd2 h6 19. Be3 Rac8 20. Red1 b4 21. Ba4
Qc7 22. Ne2 e5 23. Qf2 Nd7 24. Bxd7 Rxd7 25. c3 Qa5 26. cxb4 Qxa2 27. Ng3 g6 28.
Bxh6 Qb3 29. Be3 Rdc7 30. f4 Rc1 31. Qf3 Qxb4 32. f5 Qb3 33. f6 Bf8 34. h4 Rxd1+
35. Rxd1 Qe6 36. Ne2 Rc2 37. Nc3 Rxb2 38. Na4 Rc2 39. Nc5 Rxc5 40. Bxc5 dxc5 41.
Rd8 Kg8 42. h5 Qb6 43. Qd1 Qxf6 44. Qd7 Bxe4 45. Qd1 Qg5 46. Rd2 Qxh5+ 47. Qxh5
gxh5 48. Kh2 c4 0-1

[Event "13th Parsvnath Open"]
[Site "New Delhi IND"]
[Date "2015.01.12"]
[Round "5.54"]
[White "Rajesh, V A V"]
[Black "Chakravarthi, Y.V.K."]
[Result "1-0"]
[WhiteTitle "IM"]
[WhiteElo "2397"]
[BlackElo "2062"]
[WhiteFideId "5029317"]
[BlackFideId "5029546"]
[EventDate "2015.01.09"]

1. b3 d5 2. Bb2 c5 3. e3 Nc6 4. Bb5 Qb6 5. Qe2 Bf5 6. Nc3 e6 7. Nf3 a6 8. Bxc6+
Qxc6 9. e4 dxe4 10. Ne5 Qc7 11. Nxe4 f6 12. Nf3 Qc6 13. d3 Bxe4 14. dxe4 Nh6 15.
O-O Be7 16. a4 O-O 17. a5 Nf7 18. Nd2 Bd8 19. Nc4 Bc7 20. Qg4 Nh6 21. Qh4 Rad8
22. Rfe1 Rd7 23. e5 f5 24. Bc1 Nf7 25. f4 Bd8 26. Qf2 Be7 27. Be3 Rfd8 28. Nb6
Rc7 29. Rad1 Qb5 30. Ra1 Qc6 31. Red1 Qe4 32. Rxd8+ Nxd8 33. Ra4 Qc6 34. Qf3
Qxf3 35. gxf3 Nc6 36. c3 Na7 37. Kf2 Nb5 38. Bd2 Na7 39. Ke2 Nc8 40. Nc4 Rd7 41.
Be3 Na7 42. Ra1 Nb5 43. Rc1 Rd8 44. Nb6 Na7 45. Na4 Rc8 46. b4 Nc6 47. Bxc5 Bd8
48. Rd1 g5 49. Rd7 gxf4 50. Bd6 1-0